[Event "WY BU14 2012"]
[Site "Maribor SLO"]
[Date "2012.11.17"]
[Round "10.11"]
[White "Bora,Safal"]
[Black "Bai,Jinshi"]
[Result "0-1"]
[WhiteElo "2087"]
[BlackElo "2288"]

1.Nf3 d5 2.g3 Nf6 3.Bg2 c6 4.O-O Nbd7 5.d4 g6 6.c4 Bg7 7.cxd5 cxd5 8.Nc3 O-O
9.Ne5 e6 10.Bf4 Nh5 11.Nxd7 Qxd7 12.Bg5 h6 13.Be3 f5 14.f3 b6 15.Bf2 Bb7
16.Qd3 Nf6 17.Rfe1 Rac8 18.h3 a6 19.Rad1 b5 20.a3 Rc4 21.Nb1 Qc7 22.Nd2 Rc6
23.Nb3 Nd7 24.Rd2 Rd8 25.e4 dxe4 26.fxe4 Ne5 27.Qb1 Nc4 28.Rde2 Rcd6 29.e5 Rb6
30.d5 Bxd5 31.Bxb6 Qxb6+ 32.Kh2 Bxg2 33.Kxg2 Qc6+ 34.Kh2 Qf3 35.Nc5 Bxe5
36.Rg2 Bxg3+ 37.Kg1 Bxe1 38.Rxg6+ Kh7 39.Nxe6 Kxg6 40.Nxd8 Ne3  0-1

[Event "Siberian Bank Cup"]
[Site "Novosibirsk RUS"]
[Date "2012.11.17"]
[Round "2"]
[White "Bareev,E"]
[Black "Rublevsky,S"]
[Result "1/2-1/2"]
[WhiteElo "2663"]
[BlackElo "2688"]

1.Nf3 d5 2.g3 Bg4 3.Bg2 Nd7 4.O-O c6 5.d3 e5 6.e4 dxe4 7.dxe4 Ngf6 8.Qe2 Be7
9.b3 O-O 10.Bb2 Qc7 11.Nbd2 Rfe8 12.a4 Bf8 13.Nc4 Nc5 14.h3 Bxf3 15.Bxf3 b5
16.axb5 cxb5 17.Ne3 Rab8 18.Bg2 a5 19.Rfc1 Qb6 20.Bc3 a4 21.bxa4 Nxa4 22.Bd2 Rec8
23.c4 Nc5 24.Rab1 Ncxe4 25.Rxb5 Qe6 26.Rxb8 Rxb8 27.Be1 Bc5 28.Kh2 Bd4 29.Nd5 Nc5
30.Bc3 h6 31.Bxd4 exd4 32.Qxe6 fxe6 33.Ne7+ Kf7 34.Nc6 Rb2 35.Nxd4 Rxf2 36.Kg1 Rb2
37.Re1 Nfd7 38.Nc6 Rc2 39.Bf1 Rc3 40.Kg2 Kf6 41.Be2 g6 42.h4 h5 43.Bf1 Nb6
44.Ne5 Nbd7 45.Nc6 Nb6 46.Ne5 Nbd7  1/2-1/2

[Event "Siberian Bank Cup"]
[Site "Novosibirsk RUS"]
[Date "2012.11.17"]
[Round "4"]
[White "Malakhov,V"]
[Black "Rublevsky,S"]
[Result "1-0"]
[WhiteElo "2709"]
[BlackElo "2688"]

1.Nf3 d5 2.g3 Bg4 3.Bg2 Nd7 4.c4 e6 5.cxd5 exd5 6.O-O Ngf6 7.Nc3 c6 8.d3 Bc5
9.Qb3 Qc8 10.Bf4 O-O 11.Rac1 Re8 12.h3 Bh5 13.g4 Bg6 14.d4 Bf8 15.Ne5 Nb6
16.a4 Qd8 17.a5 Nc4 18.Nxc4 dxc4 19.Qxb7 Qxd4 20.e3 Qc5 21.Qxc6 Qxa5 22.Qxc4 Rac8
23.Qb5 Qb4 24.Qxb4 Bxb4 25.Nb5 a5 26.Nd6 Bxd6 27.Bxd6 h5 28.gxh5 Bxh5 29.Bc7 a4
30.Bb7 Ne4 31.Bxc8 Rxc8 32.f3 Nd2 33.Rfd1 Nxf3+ 34.Kf2 Ng5 35.Rd8+ Rxd8 36.Bxd8 Ne4+
37.Kg2 Be2 38.Rc7 f6 39.Be7 Bd1 40.Bc5 Bb3 41.h4 Bd5 42.Kf1 Bc4+ 43.Ke1 Bb3
44.Bb4 Ng3 45.Kf2 Nf5 46.h5 Bd1 47.Ra7 Kh7 48.Bf8 Kg8 49.Bc5 Nh6 50.Kg3 Nf7
51.Bd4 Ng5 52.h6 gxh6 53.Kf4 Nh7 54.Kf5 Bc2+ 55.e4 Ng5 56.Kg6 Bxe4+ 57.Kxf6 Bc2
58.Be3 Ne4+ 59.Ke5 h5 60.Rc7 Bd3 61.Kd4 Bb1 62.Rc1 Nf6  1-0

[Event "TCh-BEL 2012-13"]
[Site "Belgium BEL"]
[Date "2012.11.18"]
[Round "4.3"]
[White "Mroczek,M"]
[Black "Minyeyevtsev,S"]
[Result "1/2-1/2"]
[WhiteElo "2102"]
[BlackElo "2204"]

1.Nf3 d5 2.g3 c6 3.Bg2 Nd7 4.d4 e6 5.O-O Bd6 6.b3 e5 7.dxe5 Nxe5 8.Bb2 Qf6
9.Kh1 h5 10.Nbd2 h4 11.Nxe5 Bxe5 12.Bxe5 Qxe5 13.Nf3 Qh5 14.Nxh4 g5 15.Nf3 Ne7
16.Qd4 g4 17.Nh4 Nf5 18.Qe5+ Be6 19.e4 dxe4 20.Bxe4 Nxh4 21.Qxh5 Rxh5 22.gxh4 Rxh4
23.Rae1 O-O-O 24.Kg2 Rh6 25.c4 Rdh8  1/2-1/2

[Event "38th ch-BAN 2012"]
[Site "Dhaka BAN"]
[Date "2012.11.18"]
[Round "10.3"]
[White "Bhuiyan,G"]
[Black "Reefat,S"]
[Result "0-1"]
[WhiteElo "2211"]
[BlackElo "2438"]

1.Nf3 d5 2.g3 c6 3.Bg2 Nf6 4.O-O Bg4 5.d3 Nbd7 6.Nbd2 e5 7.e4 dxe4 8.dxe4 b5
9.a4 a6 10.h3 Bh5 11.g4 Bg6 12.Nh4 Be7 13.Qe2 O-O 14.Nf5 Re8 15.Rd1 Bf8 16.Nf1 Qc7
17.Bg5 h6 18.Be3 Nc5 19.axb5 axb5 20.N1g3 Ne6 21.Bf1 Bc5 22.Bxc5 Nxc5 23.Qf3 Bxf5
24.Qxf5 Rxa1 25.Rxa1 Ne6 26.Qf3 Nf4 27.Qe3 Qd6 28.c3 g6 29.Ra6 Qd1 30.Rxc6 Nxh3+
31.Kg2 Nxg4 32.Qb6 Nf4+ 33.Kg1 Rd8 34.Qc5 Nh3+ 35.Kg2 Nf4+ 36.Kg1 Rd2 37.Rc8+ Kh7
38.Nh1 Qxf1+  0-1

[Event "VIII Governor's Cup"]
[Site "Khanty-Mansiysk RUS"]
[Date "2012.11.18"]
[Round "4.13"]
[White "Stukopin,A"]
[Black "Yuzhakov,O"]
[Result "1/2-1/2"]
[WhiteElo "2481"]
[BlackElo "2353"]

1.Nf3 d5 2.g3 Nf6 3.Bg2 e6 4.O-O c5 5.d3 Nc6 6.Nbd2 g6 7.e4 Bg7 8.Re1 O-O
9.a3 b5 10.exd5 exd5 11.a4 b4 12.Nb3 Nd7 13.Bg5 Qb6 14.Nfd2 Bxb2 15.Bxd5 Ba6
16.a5 Qc7 17.Ne4 Rac8 18.Bf4 Be5 19.Bxe5 Ncxe5 20.f4 Nc6 21.Qg4 Kg7 22.Qh4 Qd8
23.Qxd8 Rfxd8 24.Kf2 Nd4 25.Nxd4 cxd4 26.Bb3 Nf6 27.Nxf6 Kxf6 28.Ra4 Rb8
29.Re5 Bc8 30.Ke2 Bd7 31.Ra1 Re8 32.Kd2 Rxe5 33.fxe5+ Kxe5 34.Re1+ Kd6 35.Re4 Be6
36.Bxe6 fxe6 37.Rxd4+ Kc6 38.Rc4+ Kd6 39.Rd4+ Kc6 40.Rf4 b3 41.Rc4+ Kd6 42.Rd4+ Ke5
43.Re4+ Kd6  1/2-1/2

[Event "WY BU18 2012"]
[Site "Maribor SLO"]
[Date "2012.11.18"]
[Round "11.38"]
[White "Siagodnik,A"]
[Black "Esenbek Uulu,Bakai"]
[Result "1/2-1/2"]
[WhiteElo "2189"]
[BlackElo "1984"]

1.Nf3 d5 2.g3 Nf6 3.Bg2 c5 4.d4 Nc6 5.O-O Bg4 6.Ne5 Bh5 7.Nxc6 bxc6 8.dxc5 e6
9.b4 a5 10.c3 Qb8 11.a3 Be7 12.Nd2 axb4 13.cxb4 Qe5 14.Ra2 Qxe2 15.Qb3 Qa6
16.Re1 Be2 17.Qe3 Bb5 18.Nf3 O-O 19.Ng5 Rfd8  1/2-1/2

[Event "UNAM w Prelim B"]
[Site "Mexico City MEX"]
[Date "2012.11.18"]
[Round "3.1"]
[White "Guramishvili,S"]
[Black "Muminova,N"]
[Result "0-1"]
[WhiteElo "2403"]
[BlackElo "2349"]

1.Nf3 d5 2.g3 Bg4 3.Bg2 Nd7 4.c4 dxc4 5.Qa4 c6 6.Qxc4 Ngf6 7.d4 e6 8.O-O Be7
9.Nc3 O-O 10.Rd1 Rc8 11.e4 b5 12.Qe2 Qa5 13.h3 Bh5 14.Bf4 b4 15.Nb1 Rfe8
16.Nbd2 c5 17.g4 Bg6 18.Nb3 Qb6 19.dxc5 Nxc5 20.Nxc5 Bxc5 21.Ne5 Red8 22.h4 h5
23.g5 Ng4 24.Nxg4 hxg4 25.Bg3 Bh5 26.Rxd8+ Rxd8 27.Rd1 Bd4 28.Rd3 e5 29.Qd2 Rc8
30.Bf1 Bg6 31.Qe2 Qc6 32.Bg2 Bh5 33.Kh2 a5 34.Rd2 a4 35.Qd1 Qc1 36.Qe2 b3
37.axb3 axb3 38.Qa6 Rc2 39.Rd3 Rxb2 40.Qa8+ Kh7 41.Qd5 Rb1 42.Bxe5 Qg1+ 43.Kg3 Qxf2+
44.Kh2 Qg1+ 45.Kg3 Bf2+  0-1

[Event "Siberian Bank Cup"]
[Site "Novosibirsk RUS"]
[Date "2012.11.18"]
[Round "10"]
[White "Bocharov,D"]
[Black "Jakovenko,D"]
[Result "1-0"]
[WhiteElo "2620"]
[BlackElo "2741"]

1.Nf3 d5 2.g3 c6 3.Bg2 Bg4 4.c4 e6 5.cxd5 Bxf3 6.Bxf3 cxd5 7.O-O Nc6 8.d3 Nf6
9.Nc3 Be7 10.Bg2 O-O 11.Bd2 Rc8 12.h3 a6 13.f4 d4 14.Ne4 Qb6 15.Nxf6+ Bxf6
16.Rb1 Ne7 17.Qa4 Nf5 18.Ba5 Qa7 19.Kh2 Ne3 20.Rfc1 b5 21.Qb3 Nxg2 22.Kxg2 Qb7+
23.Kf2 e5 24.Bd2 e4 25.dxe4 Qxe4 26.a3 Rc4 27.Qd3 Qe6 28.f5 Qd5 29.b3 Rcc8
30.Rxc8 Rxc8 31.Rc1 Rxc1 32.Bxc1 Qh1 33.Qf3 Qh2+ 34.Qg2 Qxg2+ 35.Kxg2 Kf8
36.Kf3 Ke7 37.Ke4 Kd6 38.Bf4+ Kc5 39.Bb8 Kb6 40.Bd6 Kc6 41.Bb4 g6 42.g4 Bg7
43.Be7 gxf5+ 44.gxf5 h5 45.f6 Bh6 46.Kxd4 Bc1 47.Ke5 Be3 48.Bb4 Kb6 49.Kd5 Bg5
50.Bc3 Bc1 51.a4 bxa4 52.bxa4 Kc7 53.e4 Ba3 54.Ke5 Kc6 55.Kf5 Kc5 56.e5 Kc4
57.Ba1 Kb4 58.e6 fxe6+ 59.Kxe6 Kxa4 60.f7 Kb5 61.Bf6 Bf8 62.Be7  1-0

[Event "Siberian Bank Cup"]
[Site "Novosibirsk RUS"]
[Date "2012.11.18"]
[Round "11"]
[White "Bareev,E"]
[Black "Inarkiev,E"]
[Result "1/2-1/2"]
[WhiteElo "2663"]
[BlackElo "2693"]

1.Nf3 d5 2.g3 c6 3.Bg2 Bg4 4.c4 e6 5.O-O Nd7 6.cxd5 exd5 7.d3 Ngf6 8.Nc3 Be7
9.h3 Bh5 10.e4 dxe4 11.dxe4 Nc5 12.Qe2 Qd3 13.Re1 Rd8 14.g4 Bg6 15.Ne5 Qxe2
16.Rxe2 Nfd7 17.Nc4 f6 18.Be3 Ne5 19.Na5 b6 20.Nb3 Ncd3 21.Nd4 Bf7 22.Nf5 g5
23.b3 h5 24.f3 hxg4 25.hxg4 Bc5 26.Rd1 Be6 27.Bxc5 Nxc5 28.Rxd8+ Kxd8 29.Rd2+ Ke8
30.Kf2 Bxf5 31.exf5 Ncd3+ 32.Kg3 Ke7 33.Ne4 Rd8 34.Rc2 Nf4 35.Bh1 Kf7 36.Rh2 Kg7
37.Rd2 Rxd2 38.Nxd2 Ned3 39.Bg2 Ne2+ 40.Kh2 Ndf4 41.Bf1 Nc3 42.a3 b5 43.Kg3 Kf7
44.Kf2 Nd1+ 45.Ke1 Ne3 46.a4 bxa4 47.bxa4 Ke7 48.Ne4 a5 49.Ba6 Nfd5 50.Kd2 Ng2
51.Bb7 Kd7 52.Ba6 Ngf4 53.Bc4 Ke7 54.Nc5 Nb6 55.Bb3 Nfd5 56.Nb7 Nb4 57.Nxa5 c5
58.Nc4 N6d5 59.a5 Kd7 60.Ne3 Nc7 61.Bc4 Nc6 62.a6 Ne5 63.Be2 Kc6 64.Kc3 Kb6
65.Kb3 Nc6 66.Kc3 Nd4 67.Bf1 Nxf3 68.Nc4+ Ka7 69.Nd6 Ne5 70.Ne4 Nd5+ 71.Kd2 c4
72.Nd6 Nb6 73.Kc3 Kxa6 74.Be2 Ka7 75.Kd4 Kb8 76.Ne4 Ned7 77.Nd2 Kc7 78.Bxc4  1/2-1/2

[Event "UNAM w Prelim A"]
[Site "Mexico City MEX"]
[Date "2012.11.19"]
[Round "4.3"]
[White "Pina Vega,S"]
[Black "Nakhbayeva,G"]
[Result "1-0"]
[WhiteElo "2332"]
[BlackElo "2334"]

1.Nf3 d5 2.g3 Nf6 3.Bg2 c6 4.O-O Bg4 5.h3 Bh5 6.Ne5 Nbd7 7.d4 e6 8.f4 Bd6
9.b3 Qb6 10.Kh2 Bg6 11.a4 Be4 12.Nxd7 Nxd7 13.Bxe4 dxe4 14.c4 c5 15.a5 Qc6
16.Nc3 cxd4 17.Qxd4 Nf6 18.Be3 O-O 19.Nb5 Bb8 20.Rfd1 a6 21.Nc3 h6 22.Na4 Bc7
23.Nb6 Rad8 24.Qc5 Qxc5 25.Bxc5 Rfe8 26.b4 g5 27.fxg5 hxg5 28.Kg2 Nh5 29.Bf2 f5
30.Nd7 Kf7 31.Bb6 Rc8 32.Bxc7 Rxc7 33.Nc5 Ke7 34.Rd4 Rec8 35.Rad1 Nf6 36.e3 e5
37.Rd6 Rc6 38.R6d2 f4 39.Kf2 b6 40.axb6 Rxb6 41.Nd7 Rxb4 42.Nxe5 fxe3+ 43.Kxe3 Rb3+
44.Ke2 Rxg3 45.Rd6 Rb8 46.Nc6+ Kf7 47.Nxb8 a5 48.Rf1 a4 49.Rfxf6+ Kg7 50.Rfe6 a3
51.Ra6 a2 52.Re7+ Kf8 53.Rea7 Rxh3 54.Nd7+ Ke7 55.Nc5+ Kd8 56.Rxa2  1-0

[Event "Plzen Open 2012"]
[Site "Plzen CZE"]
[Date "2012.11.19"]
[Round "2"]
[White "Vorobyov,Y"]
[Black "Vlk,Mil"]
[Result "1-0"]
[WhiteElo "2252"]
[BlackElo "2021"]

1.Nf3 d5 2.g3 c5 3.Bg2 Nc6 4.d4 cxd4 5.Nxd4 Nf6 6.O-O e5 7.Nxc6 bxc6 8.c4 Bb7
9.cxd5 cxd5 10.Nc3 Be7 11.Bg5 e4 12.Qa4+ Qd7 13.Qxd7+ Nxd7 14.Bxe7 Kxe7 15.Rfd1 Nb6
16.Rac1 Rac8 17.Bh3 Rc5 18.Nxe4 Rxc1 19.Rxc1 Bc8 20.Bxc8 Rxc8 21.Rxc8 Nxc8
22.Nc5 Kd6 23.Nd3 Nb6 24.Kf1 f5 25.Ke1 g6 26.Kd2 Nc8 27.Kc3 Ne7 28.b4 Nc6
29.a4 Nd8 30.b5 Ne6 31.Kb4 g5 32.Ka5 Nc7 33.b6 axb6+ 34.Kxb6 d4 35.a5  1-0

[Event "11th Kheireddine Ameyar Mem 2012"]
[Site "Algiers ALG"]
[Date "2012.11.20"]
[Round "8.4"]
[White "Lazic,Mir"]
[Black "Arab,A"]
[Result "1-0"]
[WhiteElo "2464"]
[BlackElo "2428"]

1.g3 d5 2.Nf3 Nf6 3.c4 c6 4.Bg2 Bf5 5.b3 e6 6.O-O Nbd7 7.d3 h6 8.Bb2 Be7
9.Nbd2 O-O 10.a3 a5 11.Rc1 Re8 12.Rc2 Qb6 13.Qa1 c5 14.cxd5 exd5 15.Ne5 a4
16.Nxd7 Bxd7 17.bxa4 Rxa4 18.Bxf6 Bxf6 19.Qb1 Qxb1 20.Nxb1 Bc6 21.Rxc5 Rxe2
22.Bxd5 Bxd5 23.Rxd5 Rb2 24.Rd1 Rd4 25.Nc3 Rc2 26.Rc5 b6 27.Rc7 Rd8 28.Nd5 Rxc7
29.Nxc7 Rc8 30.Nd5 Bd8 31.Rb1 Rc6 32.Rb3 Kf8 33.Kg2 Ke8 34.Kf3 Kd7 35.a4 Re6
36.Rb5 Rd6 37.d4 Ke6 38.Nf4+ Kd7 39.Ke4 g6 40.Rd5 f5+ 41.Kd3 g5 42.Rxd6+ Kxd6
43.Ne2 g4 44.Nf4 Bg5 45.Kc4 Bd8 46.Nd5 h5 47.Ne3 Ke6 48.Kb5 h4 49.Kc6 Kf6
50.d5 Ke5 51.Nc4+ Ke4 52.Nd6+ Kf3 53.Nxf5 h3 54.Ne3 Bg5 55.Kxb6 Kxf2 56.Nxg4+ Kf3
57.Ne5+ Kg2 58.Ng4 Kf3 59.a5 Kxg4 60.a6 Be3+ 61.Kc7 Bg1 62.d6 Bxh2 63.a7  1-0

[Event "Malta Open 2012"]
[Site "Bugibba MLT"]
[Date "2012.11.21"]
[Round "4"]
[White "Heberla,B"]
[Black "Raetsky,A"]
[Result "1-0"]
[WhiteElo "2536"]
[BlackElo "2431"]

1.Nf3 d5 2.g3 Nc6 3.d4 Bg4 4.Bg2 Qd7 5.h3 Bh5 6.c3 O-O-O 7.Nbd2 f6 8.b4 e5
9.b5 Nb8 10.dxe5 Qxb5 11.O-O fxe5 12.c4 dxc4 13.Qc2 Bg6 14.Qxc4 Qxc4 15.Nxc4 e4
16.Nfe5 Be8 17.Bxe4 Nf6 18.Bf5+ Nbd7 19.Rb1 Bc5 20.Rb5 Bb6 21.Nxb6+ axb6
22.Bf4 h6 23.Rc1 c6 24.Nc4  1-0

[Event "Malta Open 2012"]
[Site "Bugibba MLT"]
[Date "2012.11.21"]
[Round "4"]
[White "Joie,S"]
[Black "Mirzoev,A"]
[Result "0-1"]
[WhiteElo "2307"]
[BlackElo "2555"]

1.Nf3 d5 2.g3 Nf6 3.Bg2 Bg4 4.O-O Nbd7 5.d3 c6 6.Nbd2 e5 7.e4 dxe4 8.dxe4 Qc7
9.h3 Bh5 10.Qe2 Be7 11.a4 O-O 12.b3 Rfd8 13.Rd1 Ne8 14.Nc4 f6 15.Ba3 Bxa3
16.Nxa3 Nf8 17.Qe3 Ne6 18.Rxd8 Qxd8 19.Bf1 Qe7 20.Nh4 Bf7 21.Nf5 Qc5 22.Qxc5 Nxc5
23.f3 Rd8 24.Ne3 Rd4 25.Bc4 Nd6 26.Bxf7+ Kxf7 27.Rd1 Ke6 28.Kf2 a5 29.Rxd4 exd4
30.Nec4 Nxc4 31.Nxc4 d3 32.Ke3 dxc2 33.Kd2 Nxb3+ 34.Kxc2 Nd4+ 35.Kc3 Nxf3
36.Nxa5 b5 37.axb5 cxb5 38.h4 Ke5 39.Kd3 Nd4 40.Ke3 h5 41.Nb7 Ne6 42.Na5 Kd6
43.Nb3 Kc6 44.Kf3 b4 45.g4 g6 46.gxh5 gxh5 47.Ke3 Kb5 48.Nd2 Kc5 49.Nf3 Kc4
50.e5 f5 51.Ng5 Kd5  0-1

[Event "VIII Governor's Cup"]
[Site "Khanty-Mansiysk RUS"]
[Date "2012.11.21"]
[Round "7.14"]
[White "Kabanov,N"]
[Black "Iskusnyh,S"]
[Result "1/2-1/2"]
[WhiteElo "2486"]
[BlackElo "2495"]

1.g3 d5 2.Nf3 c6 3.Bg2 Bf5 4.O-O e6 5.d3 Nf6 6.c4 Nbd7 7.cxd5 cxd5 8.Nc3 Be7
9.Nd4 Bg6 10.e4 O-O 11.Nb3 dxe4 12.dxe4 Nc5 13.Nxc5 Bxc5 14.h3 Qxd1 15.Rxd1 Rfd8
16.Rxd8+ Rxd8 17.Bg5 h6 18.Bxf6 gxf6 19.Rd1 Rxd1+ 20.Nxd1 b5 21.Ne3 Bd4 22.b3 Kf8
23.Kf1 Bxe3 24.fxe3 Ke7 25.b4 Kd6 26.Ke2 Ke5 27.Kd3 a6 28.a3 Bh7 29.h4 Bg6
30.Bf3 Bh7 31.Bg2 f5 32.exf5 Bxf5+ 33.Kd2 Be4 34.Bf1 Bc6 35.Bd3 Be4 36.Be2 f5
37.Bd1 Bd5 38.Bc2 Bf3 39.a4 Bc6 40.axb5 axb5 41.Bd3 Bd7 42.Bf1 Bc6 43.Be2 Ke4
44.Bh5 Bd5 45.Be2 Bc6 46.Bh5 Ke5  1/2-1/2

[Event "Plzen Open 2012"]
[Site "Plzen CZE"]
[Date "2012.11.21"]
[Round "4"]
[White "Ivanov,MM"]
[Black "Palek,M"]
[Result "1-0"]
[WhiteElo "2381"]
[BlackElo "2250"]

1.Nf3 d5 2.g3 Nf6 3.Bg2 e6 4.O-O c5 5.d4 Nc6 6.c4 dxc4 7.dxc5 Qxd1 8.Rxd1 Bxc5
9.Nbd2 c3 10.bxc3 O-O 11.Nb3 Be7 12.Nfd4 Bd7 13.Bg5 Rfd8 14.Bxf6 gxf6 15.Nxc6 Bxc6
16.Bxc6 bxc6 17.Na5 Rac8 18.e4 f5 19.exf5 Rd5 20.Nb3 Rxf5 21.Rd7 Bf6 22.Rc1 a5
23.Ra7 Bd8 24.Ra6 Rb5 25.Rd1 Rd5 26.Rd4 Bf6 27.Rc4 Rd3 28.Nxa5 c5 29.Nc6 Kf8
30.Rxc5 Bxc3 31.Kg2 e5 32.Nxe5 Rxc5 33.Nxd3 Rd5 34.Nf4 Rd2 35.h4 Bd4 36.Nh3 Rb2
37.h5 Rb6 38.Rxb6 Bxb6 39.Kf3 Kg7 40.Ke4 Kf6 41.f4 h6 42.g4 Ke6 43.g5 hxg5
44.fxg5 f6 45.Nf4+ Kf7 46.Nd5  1-0

[Event "Plzen Open 2012"]
[Site "Plzen CZE"]
[Date "2012.11.21"]
[Round "4"]
[White "Latas,B"]
[Black "Paldus,P"]
[Result "0-1"]
[WhiteElo "2276"]
[BlackElo "2002"]

1.Nf3 d5 2.g3 Nd7 3.d4 e6 4.Bg2 f5 5.O-O Ngf6 6.c4 c6 7.Nc3 Bd6 8.Bf4 Bxf4
9.gxf4 Ne4 10.cxd5 exd5 11.e3 O-O 12.Ne2 Ndf6 13.Ne5 Be6 14.Ng3 Nd7 15.f3 Nxe5
16.fxe5 Nxg3 17.hxg3 h5 18.f4 h4 19.gxh4 Qxh4 20.Rf3 g6 21.Rh3 Qe7 22.Rg3 Kf7
23.Rg5 Rh8 24.Qb3 Rh6 25.Rc1 Rah8 26.Qa4 a6 27.Qa5 Rh5 28.Rxh5 Rxh5 29.Qc5 Qh4
30.Qc2 Qg3 31.Qe2 Qh2+ 32.Kf1 g5 33.fxg5 Rxg5 34.Qf3 f4 35.Qxf4+ Rf5 36.Qxf5+ Bxf5
37.Kf2 Qh4+ 38.Ke2 Qg3 39.Kf1 Bd3+ 40.Kg1 Qxe3+  0-1

[Event "VIII Governor's Cup"]
[Site "Khanty-Mansiysk RUS"]
[Date "2012.11.22"]
[Round "8.15"]
[White "Savitskiy,S"]
[Black "Matsenko,S"]
[Result "0-1"]
[WhiteElo "2365"]
[BlackElo "2465"]

1.Nf3 d5 2.g3 Nf6 3.Bg2 c6 4.O-O Bf5 5.d3 e6 6.Nbd2 h6 7.Qe1 Be7 8.e4 Bh7
9.Qe2 O-O 10.Re1 Nbd7 11.e5 Ne8 12.Nf1 c5 13.h4 Nc7 14.N1h2 b5 15.a4 b4 16.b3 Rc8
17.Nd2 Nxe5 18.Bb2 Nd7 19.Ng4 Bf5 20.Ne3 Bf6 21.d4 Bh7 22.Nf3 Be4 23.Ng4 Bxf3
24.Nxf6+ Qxf6 25.Qxf3 c4 26.bxc4 Qxf3 27.Bxf3 dxc4 28.a5 Nf6 29.Ra4 Nfd5
30.Bc1 Rfd8 31.Bd2 Nb5 32.Bxb4 Nxd4 33.Bd1 a6 34.Bd2 Rc5 35.Kg2 Nc6 36.Bf3 c3
37.Be3 Nxe3+ 38.Rxe3 Rd2 39.Be4 Nd4 40.Ra2 f5 41.Bd3 e5 42.Kg1 e4 43.Bxa6 Nxc2  0-1

[Event "Plzen Open 2012"]
[Site "Plzen CZE"]
[Date "2012.11.23"]
[Round "6"]
[White "Ivanov,MM"]
[Black "Halldorsson,J"]
[Result "1/2-1/2"]
[WhiteElo "2381"]
[BlackElo "2196"]

1.Nf3 d5 2.g3 Nf6 3.Bg2 Bf5 4.c4 e6 5.O-O c6 6.b3 Nbd7 7.Bb2 h6 8.d3 Be7
9.Nbd2 O-O 10.Rc1 a5 11.a3 Bh7 12.Rc2 Qb8 13.Qa1 Bd6 14.Bh3 e5 15.cxd5 cxd5
16.Rfc1 Re8 17.Nh4 b6 18.Nf5 Bc5 19.e3 Bf8 20.f4 Bxf5 21.Bxf5 exf4 22.exf4 Bc5+
23.Bd4 Qd6 24.Nf3 Bxd4+ 25.Nxd4 Nc5 26.Qc3 g6 27.b4 axb4 28.axb4 Na4 29.Qc6 Qe7
30.Re2 Qd8 31.Rxe8+ Qxe8 32.Qxe8+ Rxe8 33.Bh3 Re3 34.Bf1 Kg7 35.Rc7 Nb2 36.Nc2 Re6
37.h3 h5 38.b5 Rd6 39.Nd4 Kf8 40.f5 Na4 41.Rc8+ Kg7 42.Be2 Nc5 43.Kf2 Nfd7
44.Rc6 Nb7 45.fxg6 fxg6 46.Bxh5 Rf6+ 47.Bf3 Nbc5 48.Ke3 Ne5 49.Rxf6 Kxf6
50.Be2 g5 51.Nf3 Ng6 52.Nh2 Ne7 53.Bg4 Nb3 54.Bd7 Nf5+ 55.Bxf5 Kxf5 56.g4+ Kg6
57.Nf3 Kf6 58.Nd2 d4+ 59.Ke2 Nc1+ 60.Kf3 Nxd3 61.Ke4 Nf2+ 62.Kxd4 Ke6 63.Nc4 Nxh3
64.Nxb6 Nf2 65.Nd5 Nxg4 66.b6 Ne5 67.b7 Nd7 68.Nb6 Nb8 69.Ke4 Kd6 70.Kf5  1/2-1/2

[Event "12th Puhajarve Rapid 2012"]
[Site "Puhajarve EST"]
[Date "2012.11.23"]
[Round "3.1"]
[White "Vorobjov,P"]
[Black "Short,N"]
[Result "0-1"]
[WhiteElo "2207"]
[BlackElo "2692"]

1.Nf3 d5 2.g3 Nc6 3.d4 Bg4 4.Bg2 Qd7 5.h3 Bxf3 6.Bxf3 O-O-O 7.Bf4 f6 8.h4 e5
9.Be3 Kb8 10.c3 Nge7 11.dxe5 fxe5 12.Bg2 Nf5 13.Bg5 Be7 14.Bxe7 Nfxe7 15.Nd2 h6
16.Nf3 Rhf8 17.Bh3 Qd6 18.Qd2 Qf6 19.Rf1 Na5 20.b3 Nac6 21.O-O-O Rd6 22.Bg2 a6
23.e3 Rfd8 24.Qc2 e4 25.Ne1 Ne5 26.Kb1 Qe6 27.Qe2 Ng8 28.h5 Nf6 29.Rh1 c5
30.Bh3 Qf7 31.Bf5 Qc7 32.g4 Qa5 33.Kb2 Nc4+ 34.bxc4 Rb6+ 35.Kc1 Qa3+ 36.Kd2 dxc4+
37.Nd3 Rb2+  0-1

[Event "12th Puhajarve Rapid 2012"]
[Site "Puhajarve EST"]
[Date "2012.11.23"]
[Round "5.6"]
[White "Seeman,T"]
[Black "Laine,Pan"]
[Result "1/2-1/2"]
[WhiteElo "2386"]
[BlackElo "2207"]

1.Nf3 d5 2.g3 Nf6 3.Bg2 e6 4.O-O Be7 5.d3 O-O 6.Nbd2 c5 7.e4 Nc6 8.Re1 b5
9.e5 Nd7 10.Nf1 a5 11.h4 b4 12.Bf4 Re8 13.N1h2 Nd4 14.Nxd4 cxd4 15.Qg4 Kh8
16.Nf3 Qb6 17.Bd2 f5 18.exf6 Nxf6 19.Qf4 Bd6 20.Ne5 Kg8 21.Qg5 Be7 22.Rad1 Ne4
23.Qg4 Nf6 24.Qh3 Bd6 25.h5 Qc7 26.Ng4 Nxg4 27.Qxg4 Kh8 28.h6 Rg8 29.hxg7+ Rxg7
30.Qh5 Bd7 31.Bg5 Rf8 32.Qh4 Rgf7 33.Rd2 Bc5 34.Rde2 a4 35.b3 a3 36.Bh3 e5
37.Bxd7 Qxd7 38.Rxe5 Rxf2 39.Be7 Bxe7 40.Rxe7 Qf5 41.Qxd4+ Qf6 42.Qxf6+ R8xf6
43.R7e2 R2f3 44.Kg2 R3f5 45.Re8+ Kg7 46.R1e2 Kg6 47.R8e6 h5 48.Rxf6+ Kxf6
49.Rf2 Rxf2+ 50.Kxf2 d4 51.Kf3 Kf5 52.Kf2 Kf6 53.Kg2 Kf5 54.Kh2 Kg4 55.Kg2 Kg5
56.Kf3 Kf5  1/2-1/2

[Event "3rd Thanksgiving Open"]
[Site "Saint Louis USA"]
[Date "2012.11.23"]
[Round "2.10"]
[White "Bregadze,L"]
[Black "Voelker,Ja"]
[Result "1-0"]
[WhiteElo "2361"]
[BlackElo "2197"]

1.Nf3 d5 2.g3 c5 3.Bg2 Nf6 4.O-O Nc6 5.c4 e6 6.cxd5 exd5 7.d4 Be7 8.Nc3 O-O
9.Bf4 c4 10.Ne5 Be6 11.Nxc4 dxc4 12.d5 Nxd5 13.Nxd5 Rc8 14.Nxe7+ Nxe7 15.Bxb7 Rc5
16.Qxd8 Rxd8 17.Rfd1 Rxd1+ 18.Rxd1 h6 19.Be4 Bd5 20.Bc2 Ng6 21.Bd6 Ra5 22.Bb4 Rb5
23.Bc3 Be6 24.Rd8+ Kh7 25.h4 h5 26.a4 Rb7 27.a5 Rd7 28.Re8 Rd6 29.Ra8 Rd7
30.Rb8 Rd6 31.Rb7 Rd7 32.a6 f5 33.Ba4  1-0

[Event "ch-Commonwealth 2012"]
[Site "Chennai IND"]
[Date "2012.11.24"]
[Round "3"]
[White "Gomes,Mary"]
[Black "Manigandan,S"]
[Result "1-0"]
[WhiteElo "2384"]
[BlackElo "2082"]

1.Nf3 d5 2.g3 c5 3.Bg2 Nc6 4.c4 e6 5.O-O Nf6 6.d4 dxc4 7.Qa4 Bd7 8.Qxc4 b5
9.Qd3 c4 10.Qd1 Qb6 11.a4 b4 12.Ne5 Rd8 13.Nxc4 Qxd4 14.Qc2 Ne5 15.Nxe5 Qxe5
16.Bf4 Qc5 17.Qb3 e5 18.Be3 Qa5 19.Nd2 Be6 20.Bc6+ Nd7 21.Qd3 Be7 22.Nb3 Bxb3
23.Qxb3 O-O 24.Qc4 Bc5 25.Qd5 Bb6 26.Qxa5 Bxa5 27.Bxa7 Nb6 28.Rfc1 Rd6 29.Rc5 Rc8
30.Rac1 f6 31.Bxb6  1-0

[Event "TCh-NED Meesterklasse 2012-13"]
[Site "Netherland NED"]
[Date "2012.11.24"]
[Round "4.5"]
[White "Hausrath,D"]
[Black "Zatonskih,A"]
[Result "1/2-1/2"]
[WhiteElo "2490"]
[BlackElo "2512"]

1.Nf3 d5 2.g3 Nf6 3.Bg2 e6 4.d4 Be7 5.c4 O-O 6.Qc2 c5 7.dxc5 Qa5+ 8.Qc3 Qxc5
9.cxd5 Qxd5 10.O-O Nc6 11.Qd2 Rd8 12.Nc3 Qa5 13.Qc2 e5 14.Bd2 Qa6 15.Bg5 h6
16.Bxf6 Bxf6 17.Rfd1 Be6 18.e3 Be7 19.Ne1 Qa5 20.a3 Rxd1 21.Rxd1 Rd8 22.Rxd8+ Qxd8
23.Qd3 Qxd3 24.Nxd3 f6 25.b4 Kf8 26.Na4 Ke8 27.Nac5 Bc8 28.Bd5 Nd8 29.f4 b6
30.Nb3 exf4 31.gxf4 Bd7 32.Nd4 a5 33.Kf2 axb4 34.axb4 Bd6 35.e4 Nf7 36.Nf5 Bf8
37.Nd4 Nd6 38.e5 Nb5 39.Nc6 Nc7 40.Bf3 Bf5 41.Ke3 Kd7 42.Nd4 Bxd3 43.Kxd3 fxe5
44.fxe5 Bxb4 45.Bg4+ Ke8 46.Ne6 Nxe6 47.Bxe6 b5 48.Ke4 Bc3 49.Kf5 Ke7 50.Bb3 b4
51.h3 g5 52.e6 Bd2 53.Kg6 Be3 54.Ba2 Bd2  1/2-1/2

[Event "TCh-NED Meesterklasse 2012-13"]
[Site "Netherland NED"]
[Date "2012.11.24"]
[Round "4.4"]
[White "Zaragatski,I"]
[Black "Spoelman,W"]
[Result "0-1"]
[WhiteElo "2471"]
[BlackElo "2546"]

1.Nf3 d5 2.g3 Nf6 3.Bg2 c6 4.O-O Bf5 5.c4 e6 6.d3 Nbd7 7.Nc3 h6 8.cxd5 cxd5
9.Qb3 Nc5 10.Qb5+ Nfd7 11.d4 a6 12.Qb4 Ne4 13.Qxb7 Nxc3 14.bxc3 Qc8 15.Qb3 Rb8
16.Qa4 Rb5 17.Qd1 Qxc3 18.Bd2 Qc8 19.Rc1 Qa8 20.Bf4 g5 21.Bd2 Bd6 22.a4 Rb8
23.a5 O-O 24.Qa4 Rb5 25.Rfd1 Qb7 26.Bf1 Nf6 27.h4 Ne4 28.hxg5 Nxd2 29.Nxd2 hxg5
30.e4 dxe4 31.Bxb5 axb5 32.Qb3 Ra8 33.Nc4 Qd5 34.Nd2 Rxa5 35.Rc8+ Kg7 36.Qxd5 exd5
37.Rd8 Ra6 38.Nb3 Rb6 39.Rc1 b4 40.Ra1 Be7 41.Rda8 Rh6 42.R1a6 Bf6 43.Rd6 Bg4
44.Nd2 Bxd4 45.Rxd5 e3 46.fxe3 Bxe3+ 47.Kf1 Rh1+ 48.Kg2 Rg1+ 49.Kh2 Re1 50.Rad8 Re2+
51.Kh1 b3 52.Rd3 Bxd2 53.Rxd2 b2 54.Rd1 Bf3+ 55.Kg1 Rg2+ 56.Kf1 Bxd1  0-1

[Event "12th Puhajarve Rapid 2012"]
[Site "Puhajarve EST"]
[Date "2012.11.24"]
[Round "20.6"]
[White "Vorobjov,P"]
[Black "Liiva,R"]
[Result "1/2-1/2"]
[WhiteElo "2207"]
[BlackElo "2451"]

1.Nf3 d5 2.g3 c6 3.Bg2 Bg4 4.O-O Nd7 5.d3 Ngf6 6.c4 e6 7.b3 Bd6 8.Bb2 O-O
9.Nbd2 Qe7 10.Qc2 Ba3 11.Rfe1 a5 12.Ne5 Bxb2  1/2-1/2

[Event "TCh-AUT 2 Mitte 2012-13"]
[Site "Sauwald AUT"]
[Date "2012.11.24"]
[Round "4.2"]
[White "Schmidt,Pe1"]
[Black "Hajnal,Z"]
[Result "1/2-1/2"]
[WhiteElo "2386"]
[BlackElo "2368"]

1.Nf3 d5 2.g3 c6 3.Bg2 Nf6 4.c4 dxc4 5.O-O Nbd7 6.Qc2 Nb6 7.a4 a5 8.Na3 Nfd5
9.Nxc4 Nb4 10.Qb3 Nxc4 11.Qxc4 Be6 12.Qc3 Nd5 13.Qb3 Nb4 14.Qc3 Nd5 15.Qb3 Nb4
16.Qc3  1/2-1/2

[Event "TCh-AUT 2 Mitte 2012-13"]
[Site "Wolfsberg AUT"]
[Date "2012.11.24"]
[Round "4.2"]
[White "Schachinger,M"]
[Black "Genser,H"]
[Result "1-0"]
[WhiteElo "2426"]
[BlackElo "2290"]

1.Nf3 d5 2.g3 c6 3.Bg2 Bf5 4.O-O Nf6 5.d3 h6 6.c4 e6 7.b3 Be7 8.Bb2 O-O 9.Nbd2 a5
10.a3 Nbd7 11.Qc2 Bh7 12.Rad1 Qb6 13.Qb1 c5 14.cxd5 exd5 15.e4 Rfd8 16.Rfe1 dxe4
17.dxe4 a4 18.bxa4 Rxa4 19.Bf1 Qc6 20.Bd3 b5 21.Bxf6 Qxf6 22.e5 Bxd3 23.exf6 Bxb1
24.fxe7  1-0